Europe and global climate change : politics, foreign policy and regional cooperation

Saved in:
Bibliographic Details
Other Authors: Harris, Paul G. (Editor)
Format: Book
Language:English
Published: Cheltenham : Edward Elgar, 2007
Subjects:
Tags: Add Tag
No Tags, Be the first to tag this record!

MARC

LEADER 00000nam a2200000 i 4500
001 1/73309
008 080204s2007 eng d
020 |a 978-1-84542-944-7 
035 |l 10094363 
040 |a GR-MY-UA  |b gre  |e aacr 
041 0 |a eng 
082 0 |a 363.738742  |2 (22) 
245 1 0 |a Europe and global climate change :  |b politics, foreign policy and regional cooperation /  |c edited by Paul G. Harris 
260 |a Cheltenham :   |b Edward Elgar,   |c 2007 
300 |a xviii, 415 σ.;  |b εικ.;  |c 24 εκ. 
504 |a Περιέχει βιβλιγραφικές παραπομπές και ευρετήριο 
650 0 0 |a International relations  |x Environmental aspects. 
650 0 0 |a Climatic changes  |x Government policy  |z Europe. 
651 0 |a Europe  |x Foreign relations. 
700 1 |a Harris, Paul G.  |4 edt 
852 |a INST  |b LESVOS  |e 20080204  |h 363.738742 EUR  |p 005100040236  |q 005100040236  |t BK  |y 0 
901 |a BIBL1-2008-1 
909 |a Λ  |b 143255 
922 |a 1ΕΛΗ  |b 200712  |c ΕΠΕΑΕΚ2/ΤΠ  |d ΠΑΠΑΣΩΤΗΡΙΟΥ 
970 |a ΚΑΡΑ  |b ΓΙΑΣΕΜΗ  |z 2008/02/04